000 00717nam a2200241Ia 4500
003 OSt
005 20221005092719.0
006 a|||||r|||| 00| 0
007 ta
008 221004b |||||||| |||| 00| 0 eng d
024 _a80684
037 _bGift, 01/01/2005,
_cTextual
040 _aCRL
_cCRL
_beng
041 _2eng
_aeng
082 _aV73,1:3.N7, M0
100 _aHodgson Godfrey
_9411440
245 0 _aAll things to all men
_bThe false promise of the modern American presidency
260 _aNew York
_bSimon and Schuster USA
_c1980
300 _a296p.
_ccm.
650 _aHISTORY
942 _hV73,1:3.N7, M0
_cTEXL
_2cc
999 _c999263
_d999263